| 000 | 00482nam a2200169Ia 4500 | ||
|---|---|---|---|
| 008 | 240729s9999 xx 000 0 und d | ||
| 022 | _a2352-0477 | ||
| 245 | 0 | _aEuropean Journal of Radiology Open | |
| 260 | _aNetherlands | ||
| 260 | _bElsevier | ||
| 650 | _a Medical physics. Medical radiology. Nuclear medicine | ||
| 650 | _a Medicine (General) | ||
| 650 | _aMedicine | ||
| 856 | _uhttps://doaj.org/toc/667637c4464444d8a3f6f9c99bd10322 | ||
| 942 | _2ddc | ||
| 942 | _cDOAJEJ | ||
| 999 |
_c72773 _d72773 |
||
| 945 |
_a1 _bMadushi Gamage _c1 _dMadushi Gamage |
||